000 00394nam a22001577a 4500
003 OSt
005 20260312125614.0
008 260312b |||||||| |||| 00| 0 eng d
040 _cFLL
041 _aENG
_dENG
100 _aRAGHAVAN, SRINATH
245 _aINDIRA GANDHI AND ITS YEARS THAT TRANSFORMS
260 _aHARYANA
_bPENGUIN RANDEM HOUSE
_c2025
300 _a367
942 _2CC
_cTB
_n0
999 _c1715237
_d1715237